| 000 | 00000nas 2200000za 4500 |
| 001 | 9.806020 |
| 003 | CaOODSP |
| 005 | 20240624082245 |
| 007 | cr ||||||||||| |
| 008 | 151116d20152015oncar p o f0 b0fre|d |
| 022 | |a2369-7245 |
| 040 | |aCaOODSP|bfre |
| 043 | |an-cn--- |
| 086 | 1 |aCP1-11F-PDF |
| 222 | 0|aPour un gouvernement ouvert et responsable |
| 245 | 00|aPour un gouvernement ouvert et responsable |h[ressource électronique]. |
| 260 | |a[Ottawa : |bBureau du Conseil privé] |
| 310 | |aAnnuel |
| 362 | 0 |a2015. |
| 500 | |aPubli. aussi en anglais sous le titre : Open and accountable government. |
| 710 | 1 |aCanada. |bBureau du Conseil privé. |
| 775 | 08|tOpen and accountable government |w(CaOODSP)9.806019 |
| 776 | 0#|tPour un gouvernement ouvert et responsable |w(CaOODSP)9.806030 |
| 780 | 00|tPour un gouvernement responsable : |w(CaOODSP)9.502721 |